J. R. Helton, Jr. Collection of United states Stamps (2018) (Record no. 3043)

000 -LEADER
fixed length control field 00312nam a22000977a 4500
008 - FIXED-LENGTH DATA ELEMENTS--GENERAL INFORMATION
fixed length control field 200120b ||||| |||| 00| 0 eng d
100 ## - MAIN ENTRY--AUTHOR'S NAME
Author's Name Robert Siegel
245 ## - TITLE STATEMENT
Title J. R. Helton, Jr. Collection of United states Stamps (2018)
260 ## - PUBLICATION, DISTRIBUTION, ETC. (IMPRINT)
Place of publication, distribution, etc. New York
Name of publisher, distributor, etc. Siegel Auction Galleries
Date of publication, distribution, etc. March 7, 2018
650 ## - TOPICAL TERM (Tag)
Topical term or geographic name Classic US stamps
Holdings
Withdrawn status Lost status Source of classification or shelving scheme Damaged status Koha normalized classification for sorting Not for loan Permanent Location Current Location Shelving location Date acquired Total Checkouts Full call number Barcode Date last seen Copy number Price effective from Koha item type Public note
        G3701 C614 S5714   Northern Philatelic Library Northern Philatelic Library General Stacks 01/20/2020   G3701 C614 S5714 1005454 01/20/2020 1 01/20/2020 Auction Catalogs March 7, 2018

Powered by Koha